000 00453nam a2200145 4500
999 _c6181
_d6181
008 170211b xxu||||| |||| 00| 0 eng d
082 _aDPer 910.5 T69 Jan-Aug 2015 v. 1-4
100 _918673
_aZuchlinski, Radek
245 _aPoland/
_cRadek Zuchlinski.
260 _aPhilippines:
_bOne Mega Group,
_c©2015.
300 _av1, page 55:
_biIllustrations;
_c28 cm.
500 _aTravel Now.
650 0 _918674
_aTourist trade
_zPoland
942 _2ddc
_cPER